PLEJANOV: EL PADRE DEL MARXISMO RUSO/
TRADUCCUION DE: PLEKHANOV: THE FATHER OF RUSSIAN MARXISM
Gorde:
| Egile nagusia: | |
|---|---|
| Formatua: | Liburua |
| Edizioa: | 2a edición |
| Saila: | BIBLIOTECA DEL PENSAMIENTO SOCIALISTA
|
| Gaiak: | |
| Etiketak: |
Etiketarik gabe, Izan zaitez lehena erregistro honi etiketa jartzen!
|
MARC
| LEADER | 00000nam^a2200000^a^4500 | ||
|---|---|---|---|
| 001 | 000221758 | ||
| 005 | 20250521000000.0 | ||
| 009 | 20260310103925.602 | ||
| 035 | |a 028767 | ||
| 037 | |a Acervo Xavier Clavigero | ||
| 082 | |a 335. 43092 |b BAR | ||
| 100 | |a Barón, Samuel H. |e (autor) | ||
| 245 | 1 | 0 | |a PLEJANOV: |b EL PADRE DEL MARXISMO RUSO/ |c SAMUEL H. BARON; TR. JOSE PALAO |
| 250 | |a 2a edición | ||
| 264 | |a MEXICO : |b SIGLO XXI, |c 1976 | ||
| 300 | |a 482p. | ||
| 336 | |a texto |b txt |2 rdacontenido | ||
| 337 | |a sin mediación |b n |2 rdamedio | ||
| 338 | |a volumen |b nc |2 rdasoporte | ||
| 440 | |a BIBLIOTECA DEL PENSAMIENTO SOCIALISTA | ||
| 520 | |a TRADUCCUION DE: PLEKHANOV: THE FATHER OF RUSSIAN MARXISM | ||
| 649 | |a XX | ||
| 650 | |a Comunismo - |z Rusia | ||
| 600 | |a Plejanov, Gueorgui | ||
| 910 | |a Fondo General | ||
| 920 | |a Impresos - Libros | ||
| 930 | |a Colección General | ||
| 905 | |a 101 | ||
| 901 | |a 028767 |b IT1 |c ACC |i 028767 |u 20250521 | ||
| 902 | |a https://opac.biblio.iteso.mx/vufind/Record/000221758 | ||